La Población en edad mayor en el Perú: situación actual y perspectivas /

Сохранить в:
Библиографические подробности
Главный автор: Verdera V., Francisco
Формат: Текст
Предметы:
Метки: Добавить метку
Нет меток, Требуется 1-ая метка записи!

MARC

LEADER 00000 a a2200000 04500
001 2367
003
040
100 |a Verdera V., Francisco  
245 |a La Población en edad mayor en el Perú:   |b situación actual y perspectivas /  |c Francisco Verdera V. 
650 |a ENVEJECIMIENTO DE LA POBLACION  
650 |a POBLACION OCUPADA  
650 |a CAMBIO SOCIAL  
650 |a DISTRIBUCION POR EDAD  
650 |a ESTADISTICAS SOCIALES  
650 |a DESEMPLEO  
773 |g número 1; páginas 173-192  
999 |c 27436  |d 27436